000 00353nam a2200157Ia 4500
003 OSt
005 20240305114015.0
008 170523s9999 xx 000 0 und d
020 _a978-0070965188
040 _cIIMTU
100 _aMOTE- VL
245 0 _aMANAGERIAL ECONOMIC
260 _bTATA MC GRAW HILL NEW DELHI
260 _c2001
942 _2ddc
_c02
999 _c951
_d951